| 000 | 00792nam a2200217Ia 4500 | ||
|---|---|---|---|
| 008 | 240729s9999 xx 000 0 und d | ||
| 022 | _a2223-9766 | ||
| 245 | 0 | _aInternational Journal of Automation and Smart Technology | |
| 260 | _aTaiwan, Province of China | ||
| 260 | _bChinese Institute of Automation Engineers (CIAE) & Taiwan Smart Living Space Association (SMART LISA) | ||
| 650 | _a Automation | Technology | ||
| 650 | _a Industrial engineering. Management engineering | ||
| 650 | _a Industrial engineering. Management engineering | ||
| 650 | _a Information technology | ||
| 650 | _a Technology (General) | ||
| 650 | _a Technology (General) | ||
| 650 | _aTechnology | ||
| 856 | _uhttps://doaj.org/toc/479d628115d24044989cc48ad5a8b4d9 | ||
| 942 | _2ddc | ||
| 942 | _cDOAJEJ | ||
| 999 |
_c68779 _d68779 |
||
| 945 |
_a1 _bMadushi Gamage _c1 _dMadushi Gamage |
||